Statystyki dla Znani ludzie z Polski według zdjęć

Kliknij tutaj aby rozwiązać quiz!

Ogólne statystyki

  • Ten quiz został rozwiązany 159 razy
  • Średni wynik to 7 z 12

Statystyki odpowiedzi

Odpowiedź% Poprawnych
Jan Paweł II
99%
Mikołaj Kopernik
94%
Robert Lewandowski
94%
Lech Wałęsa
92%
Marie Skłodowska-Curie
81%
Fryderyk Chopin
73%
Roman Polański
51%
Irena Sendlerowa
31%
Krzysztof Kieślowski
22%
Gabriel Fahrenheit
21%
Władysław Szpilman
16%
Szimon Peres
6%

Rozkład punktacji

Percentyl według liczby udzielonych odpowiedzi

Procent ludzi z każdym wynikiem

Twoja historia wyników

Nie rozwiązałeś tego quizu